[Event "Oberliga Nord N 2223"]
[Site "Germany"]
[Date "2023.05.07"]
[Round "9.5"]
[White "Langmann, Markus"]
[Black "Mach, Holger"]
[Result "1-0"]
[WhiteElo "2072"]
[BlackElo "2227"]
[PlyCount "83"]
[EventDate "2022.10.23"]
[EventType "team-tourn"]
[EventRounds "9"]
[EventCountry "GER"]
[SourceTitle "EXT 2025"]
[Source "ChessBase"]
[SourceDate "2024.10.14"]
[SourceVersion "1"]
[SourceVersionDate "2024.10.14"]
[SourceQuality "1"]
[WhiteTeam "Hamburg Koenigsspringer"]
[BlackTeam "Hamburg Diogenes"]
[WhiteTeamCountry "GER"]
[BlackTeamCountry "GER"]

1. e4 c5 2. c3 Nf6 3. e5 Nd5 4. d4 cxd4 5. cxd4 e6 6. Nf3 Be7 7. Bd3 b6 8. 0-0 Bb7 9. a3 0-0 10. Re1 Nc6 11. Qe2 Rc8 12. Qe4 f5 13. exf6 Nxf6 14. Qh4 Na5 15. Nbd2 g6 16. Ng5 Nh5 17. Re5 Nc6 18. Nc4 Nxe5 19. dxe5 Bc5 20. Be3 Qe7 21. Qg4 Rf5 22. Ne4 Rcf8 23. Nxc5 bxc5 24. Bxf5 exf5 25. Qg5 Qe6 26. b3 Qd5 27. f3 Ng7 28. Re1 Ne6 29. Qe7 Nd4 30. Bh6 Ne6 31. Nd6 Qd4+ 32. Kh1 Qf2 33. Rc1 Bxf3 34. gxf3 Qxf3+ 35. Kg1 Qg4+ 36. Kh1 Qf3+ 37. Kg1 Qg4+ 38. Kf2 Qd4+ 39. Kf1 Rb8 40. Qxd7 Qd3+ 41. Ke1 Qxb3 42. Ne8 1-0

[Event "Oberliga Nord N 2223"]
[Site "Germany"]
[Date "2022.10.23"]
[Round "1.5"]
[White "Mach, Holger"]
[Black "Pulkkinen, Kari"]
[Result "1-0"]
[WhiteElo "2227"]
[BlackElo "2195"]
[PlyCount "69"]
[EventDate "2022.10.23"]
[EventType "team-tourn"]
[EventRounds "9"]
[EventCountry "GER"]
[SourceTitle "EXT 2025"]
[Source "ChessBase"]
[SourceDate "2024.10.14"]
[SourceVersion "1"]
[SourceVersionDate "2024.10.14"]
[SourceQuality "1"]
[WhiteTeam "Hamburg Diogenes"]
[BlackTeam "Hamburger SK III"]
[WhiteTeamCountry "GER"]
[BlackTeamCountry "GER"]

1. e4 c5 2. Nc3 e6 3. Nf3 a6 4. d4 cxd4 5. Nxd4 Qc7 6. Bd3 Nf6 7. 0-0 Nc6 8. Nxc6 dxc6 9. f4 e5 10. Kh1 Bc5 11. fxe5 Ng4 12. Qf3 Be6 13. Bf4 0-0-0 14. Bc4 h5 15. Bxe6+ fxe6 16. h3 Rdf8 17. Na4 Be3 18. Qg3 Bf2 19. Rxf2 Nxf2+ 20. Qxf2 g5 21. Qa7 gxf4 22. Nb6+ Kd8 23. Rd1+ Ke8 24. Rd7 Qxd7 25. Nxd7 Kxd7 26. Qxb7+ Kd8 27. Qb8+ Ke7 28. Qc7+ Ke8 29. Qxc6+ Ke7 30. Qd6+ Kf7 31. Qd7+ Kg6 32. Qxe6+ Kg7 33. Qe7+ Kg6 34. h4 a5 35. Qg5+ 1-0

[Event "Oberliga Nord N 1920"]
[Site "Germany"]
[Date "2019.09.29"]
[Round "1.4"]
[White "Bracker, Arne"]
[Black "Mach, Holger"]
[Result "1-0"]
[WhiteElo "2224"]
[BlackElo "2233"]
[PlyCount "83"]
[EventDate "2019.09.29"]
[EventType "team-tourn"]
[EventRounds "9"]
[EventCountry "GER"]
[SourceTitle "CBM 195 Extra"]
[Source "ChessBase"]
[SourceDate "2020.05.31"]
[SourceVersion "1"]
[SourceVersionDate "2020.05.31"]
[SourceQuality "1"]

1. e4 c5 2. Nf3 Nc6 3. d4 cxd4 4. Nxd4 e5 5. Nb5 d6 6. c4 Be7 7. Bd3 Nf6 8. 0-0 0-0 9. N5c3 Nd7 10. Nd5 Bg5 11. Nbc3 Nc5 12. Be3 f5 13. Bxc5 dxc5 14. exf5 Bxf5 15. Bxf5 Rxf5 16. Ne4 Nd4 17. Qg4 Be7 18. Rad1 g6 19. Rfe1 Kg7 20. Ng3 Rg5 21. Qe4 Bd6 22. Ne3 Qb6 23. h4 Rxg3 24. fxg3 Rf8 25. b3 Qa6 26. Rd2 Qa5 27. Red1 Rf7 28. Ng4 Qc3 29. Qe3 Qxe3+ 30. Nxe3 e4 31. Kh2 h5 32. Kh3 Be5 33. Rf1 Nf5 34. Rdf2 Bd4 35. Nxf5+ gxf5 36. Rxf5 Rxf5 37. Rxf5 e3 38. Rf4 Kg6 39. g4 hxg4+ 40. Kxg4 Be5 41. Re4 Bd4 42. Kf3 1-0

[Event "Oberliga Nord N 0910"]
[Site "Germany"]
[Date "2010.02.07"]
[Round "6.3"]
[White "Hasselmann, Dieter"]
[Black "Mach, Holger"]
[Result "0-1"]
[WhiteElo "2131"]
[BlackElo "2253"]
[PlyCount "94"]
[EventDate "2009.10.18"]
[EventType "team-tourn"]
[EventRounds "9"]
[EventCountry "GER"]
[SourceTitle "EXT 2011"]
[Source "ChessBase"]
[SourceDate "2010.11.26"]
[SourceVersion "1"]
[SourceVersionDate "2010.11.26"]
[SourceQuality "1"]
[WhiteTeam "Schwerin"]
[BlackTeam "Hamburg Diogenes"]
[WhiteTeamCountry "GER"]
[BlackTeamCountry "GER"]

1. e4 c5 2. c3 Nf6 3. e5 Nd5 4. d4 cxd4 5. cxd4 e6 6. Nc3 Nxc3 7. bxc3 Qc7 8. Bd2 b6 9. f4 Bb7 10. Nf3 Be7 11. Bd3 Nc6 12. Rc1 d6 13. 0-0 0-0-0 14. Qe2 Kb8 15. Be3 h6 16. c4 dxe5 17. fxe5 g5 18. d5 Nxe5 19. Nxe5 Qxe5 20. Bf4 Qxf4 21. Rxf4 gxf4 22. Be4 Bc5+ 23. Kh1 Rhe8 24. Qh5 f5 25. Bf3 exd5 26. Bxd5 Bxd5 27. cxd5 Re5 28. Qxh6 Be3 29. Rd1 Rexd5 30. Rxd5 Rxd5 31. Qh5 Rc5 32. g3 Rc1+ 33. Kg2 Rc5 34. gxf4 Bxf4 35. Qe8+ Kb7 36. Qd7+ Bc7 37. h4 f4 38. Qh7 Rc3 39. h5 Ka6 40. h6 f3+ 41. Kf2 Bd6 42. Qf5 Bc5+ 43. Ke1 Be3 44. Qb1 Rc1+ 45. Qxc1 Bxc1 46. h7 Bb2 47. Kf2 Kb5 0-1

[Event "Oberliga Nord N 0910"]
[Site "Germany"]
[Date "2009.11.15"]
[Round "2.2"]
[White "Mach, Holger"]
[Black "Fries Nielsen, Jens Ove"]
[Result "1-0"]
[WhiteElo "2253"]
[BlackElo "2432"]
[PlyCount "77"]
[EventDate "2009.10.18"]
[EventType "team-tourn"]
[EventRounds "9"]
[EventCountry "GER"]
[SourceTitle "EXT 2011"]
[Source "ChessBase"]
[SourceDate "2010.11.26"]
[SourceVersion "1"]
[SourceVersionDate "2010.11.26"]
[SourceQuality "1"]
[WhiteTeam "Hamburg Diogenes"]
[BlackTeam "Preetz"]
[WhiteTeamCountry "GER"]
[BlackTeamCountry "GER"]

1. e4 c5 2. Nc3 e6 3. Nf3 a6 4. d4 cxd4 5. Nxd4 Qc7 6. Bd3 Nf6 7. 0-0 b6 8. Qe2 d6 9. f4 Nbd7 10. Kh1 Bb7 11. Bd2 h5 12. f5 e5 13. Nf3 h4 14. Ng5 h3 15. Nxh3 b5 16. Ng5 Be7 17. a4 Nh5 18. Rf3 b4 19. Nd5 Bxd5 20. exd5 Bxg5 21. Bxg5 Nhf6 22. Bxa6 Kf8 23. Bb5 Nxd5 24. Qe4 N7b6 25. Rd1 Nf6 26. Bxf6 gxf6 27. Qxb4 Nc8 28. Rc3 Qa7 29. Qe4 Rb8 30. Rc6 Qf2 31. Rc7 Ne7 32. Qc4 Rh7 33. Rxe7 Rg7 34. Qc6 Kg8 35. Bf1 Rb4 36. Re8+ Kh7 37. Qc8 Kh6 38. Rh8+ Kg5 39. Qf8 1-0

[Event "Oberliga Nord N 0102"]
[Site "Germany"]
[Date "2002.04.14"]
[Round "8.2"]
[White "Mach, Holger"]
[Black "Neffe, Axel"]
[Result "1/2-1/2"]
[WhiteElo "2270"]
[BlackElo "2260"]
[PlyCount "53"]
[EventDate "2001.10.07"]
[EventType "team-tourn"]
[EventRounds "9"]
[EventCountry "GER"]
[SourceTitle "EXT 2002"]
[Source "ChessBase"]
[SourceDate "2001.11.25"]
[SourceVersion "1"]
[SourceVersionDate "2001.11.25"]
[SourceQuality "1"]
[WhiteTeam "Hamburg Diogenes"]
[BlackTeam "Hamburg Schachfreunde"]
[WhiteTeamCountry "GER"]
[BlackTeamCountry "GER"]

1. e4 c5 2. Nc3 Nc6 3. Nge2 e6 4. d4 cxd4 5. Nxd4 Qc7 6. Nxc6 bxc6 7. Bd3 Nf6 8. 0-0 d5 9. Qe2 Be7 10. f4 h5 11. e5 Nd7 12. Na4 c5 13. c4 d4 14. b3 g6 15. Bd2 a5 16. Be4 Ra7 17. Nb2 Nb8 18. Nd3 Nc6 19. a3 Bb7 20. Rab1 Kd7 21. Rfc1 Rb8 22. Rb2 Ba8 23. Rcb1 Ke8 24. h3 Kd7 25. Kh2 Ke8 26. Qf3 Bb7 27. Qe2 1/2-1/2

[Event "Oberliga Nord N 0102"]
[Site "Germany"]
[Date "2002.02.24"]
[Round "6.2"]
[White "Mach, Holger"]
[Black "Polischuk, Viktor"]
[Result "0-1"]
[WhiteElo "2270"]
[BlackElo "2230"]
[PlyCount "122"]
[EventDate "2001.10.07"]
[EventType "team-tourn"]
[EventRounds "9"]
[EventCountry "GER"]
[SourceTitle "EXT 2002"]
[Source "ChessBase"]
[SourceDate "2001.11.25"]
[SourceVersion "1"]
[SourceVersionDate "2001.11.25"]
[SourceQuality "1"]
[WhiteTeam "Hamburg Diogenes"]
[BlackTeam "Neumuenster"]
[WhiteTeamCountry "GER"]
[BlackTeamCountry "GER"]

1. e4 c5 2. Nc3 d6 3. Nge2 g6 4. d4 cxd4 5. Nxd4 Nf6 6. g3 Nc6 7. Nde2 Bg7 8. Bg2 Bd7 9. h3 Qc8 10. a4 h6 11. g4 Na5 12. 0-0 0-0 13. Nd5 Nxd5 14. exd5 Nc4 15. Ra2 f5 16. gxf5 Bxf5 17. b3 Ne5 18. Nf4 Kh7 19. c4 g5 20. Ne6 Bxe6 21. dxe6 Qxe6 22. f4 gxf4 23. Bxf4 Rf6 24. Bxe5 Qxe5 25. Re2 Qg5 26. Rxf6 Bxf6 27. Re4 Rg8 28. Qc2 Kh8 29. Kh1 Qg3 30. Qd2 Rg5 31. Rg4 Qxb3 32. Rxg5 Bxg5 33. Qd4+ Bf6 34. Qf4 Qb1+ 35. Bf1 Qg6 36. Bg2 Kg7 37. Qf3 b6 38. Bf1 Bd4 39. Bg2 Qg5 40. Qe2 Be5 41. Qf3 h5 42. Bf1 h4 43. Be2 Bd4 44. Qg4 Qxg4 45. Bxg4 Kf6 46. Kg2 Ke5 47. Kf3 Bc5 48. Bd7 Kd4 49. Bb5 Kd3 50. Bc6 Kxc4 51. Ke4 Bd4 52. Bd5+ Kc5 53. Be6 Bf6 54. Bd5 Kb4 55. Bc6 e6 56. Bd7 d5+ 57. Kd3 e5 58. Bc6 Kc5 59. Bb7 e4+ 60. Ke2 Kd4 61. Bc6 Ke5 0-1

[Event "Oberliga Nord N 0102"]
[Site "Germany"]
[Date "2001.11.25"]
[Round "3.2"]
[White "Scheerer, Christoph"]
[Black "Mach, Holger"]
[Result "1/2-1/2"]
[WhiteElo "2385"]
[BlackElo "2270"]
[PlyCount "103"]
[EventDate "2001.10.07"]
[EventType "team-tourn"]
[EventRounds "9"]
[EventCountry "GER"]
[SourceTitle "EXT 2002"]
[Source "ChessBase"]
[SourceDate "2001.11.25"]
[SourceVersion "1"]
[SourceVersionDate "2001.11.25"]
[SourceQuality "1"]
[WhiteTeam "Kiel Meerbauer"]
[BlackTeam "Hamburg Diogenes"]
[WhiteTeamCountry "GER"]
[BlackTeamCountry "GER"]

1. e4 g6 2. d4 Bg7 3. Nc3 d6 4. Be3 Nf6 5. f3 c6 6. a4 0-0 7. Qd2 e5 8. 0-0-0 Qa5 9. dxe5 dxe5 10. Bc4 Nbd7 11. Bh6 b5 12. Bxg7 Kxg7 13. Bb3 Nc5 14. Qd6 bxa4 15. Nxa4 Nxb3+ 16. cxb3 Be6 17. Nc5 Rfe8 18. Ne2 Kg8 19. Nxe6 Rxe6 20. Qd3 Rb8 21. Kc2 Qb4 22. Rd2 Re7 23. Qc3 Reb7 24. Qxb4 Rxb4 25. Nc1 c5 26. Rd6 R4b6 27. Rhd1 Kf8 28. Rd8+ Ke7 29. Rxb8 Rxb8 30. Nd3 Nd7 31. Kc3 f6 32. Ra1 Rb7 33. b4 cxb4+ 34. Nxb4 Rc7+ 35. Kd2 Rb7 36. Nd5+ Kf7 37. Kc3 f5 38. Ra5 Nf6 39. exf5 gxf5 40. Ne3 Ke6 41. Ra6+ Rb6 42. Rxa7 Rc6+ 43. Kd2 f4 44. Nd1 e4 45. fxe4 Nxe4+ 46. Kd3 Ng5 47. Nc3 Rd6+ 48. Kc2 h5 49. Nb5 Rd8 50. Ra3 h4 51. h3 Ne4 52. Nc3 1/2-1/2

[Event "Oberliga Nord N 0001"]
[Site "Germany"]
[Date "2000.??.??"]
[Round "?"]
[White "Mach, Holger"]
[Black "Kopylov, Luba"]
[Result "1-0"]
[WhiteElo "2255"]
[BlackElo "1683"]
[PlyCount "101"]
[EventDate "2000.10.??"]
[EventType "team-tourn"]
[EventRounds "9"]
[EventCountry "GER"]
[SourceTitle "EXT 2004"]
[Source "ChessBase"]
[SourceDate "2003.11.25"]
[SourceVersion "1"]
[SourceVersionDate "2003.11.25"]
[SourceQuality "1"]

1. e4 c5 2. Nc3 d6 3. Nf3 Nf6 4. d4 cxd4 5. Nxd4 g6 6. g3 Nc6 7. Bg2 Nxd4 8. Qxd4 Bg7 9. 0-0 0-0 10. h3 Be6 11. Qd1 Qc8 12. Kh2 Qc4 13. Re1 Rac8 14. Re2 Rc5 15. a4 Rh5 16. Ra3 Ng4+ 17. Kg1 Ne5 18. g4 Nxg4 19. hxg4 Bxg4 20. f3 Be6 21. Be3 f5 22. exf5 gxf5 23. Bf2 Rf6 24. f4 Qxf4 25. Nd5 Qh2+ 26. Kf1 Rfh6 27. Bg1 Qh4 28. Rh3 Qg4 29. Rxh5 Rxh5 30. Nxe7+ Kf7 31. Qxd6 Rh6 32. Bd5 Qh3+ 33. Ke1 Qh4+ 34. Bf2 Qxe7 35. Qf4 Rg6 36. Qxf5+ Rf6 37. Bxe6+ Qxe6 38. Qh5+ Kg8 39. Rxe6 Rxe6+ 40. Kd2 Rd6+ 41. Kc1 Rf6 42. Qd5+ Rf7 43. Bxa7 Bf6 44. Bd4 Bxd4 45. Qxd4 h5 46. Qd8+ Kh7 47. Qg5 Rf1+ 48. Kd2 Rf2+ 49. Ke3 Rh2 50. Qe7+ Kg8 51. Qd8+ 1-0

[Event "Oberliga Nord N 9900"]
[Site "Germany"]
[Date "2000.??.??"]
[Round "?"]
[White "Nogly, Christoph"]
[Black "Mach, Holger"]
[Result "1-0"]
[WhiteElo "2215"]
[BlackElo "2270"]
[PlyCount "135"]
[EventDate "1999.10.??"]
[EventType "team-tourn"]
[EventRounds "9"]
[EventCountry "GER"]
[SourceTitle "EXT 2001"]
[Source "ChessBase"]
[SourceDate "2000.11.22"]
[SourceVersion "1"]
[SourceVersionDate "2000.11.22"]
[SourceQuality "1"]

1. Nf3 d5 2. c4 e6 3. g3 Nf6 4. Bg2 Be7 5. 0-0 0-0 6. d4 c6 7. Nc3 b6 8. Ne5 Bb7 9. e4 Nbd7 10. Nxc6 Bxc6 11. exd5 Bb7 12. d6 Bxg2 13. dxe7 Qxe7 14. Kxg2 Rac8 15. b3 Rfd8 16. Qe2 Nb8 17. Rd1 Nc6 18. Be3 Rd7 19. Rd3 h6 20. Rad1 Qd8 21. Qf3 Nh7 22. R3d2 Ng5 23. Qe2 Qf6 24. h4 Nh7 25. Qf3 Ne7 26. Qxf6 Nxf6 27. f3 Rcd8 28. g4 Kh7 29. h5 Rc8 30. Bf2 g6 31. hxg6+ Kxg6 32. Bh4 Rg8 33. Rh1 Nh7 34. Re1 h5 35. d5 hxg4 36. fxg4 Ng5 37. Bxg5 Kxg5 38. Ne4+ Kg6 39. dxe6 Rxd2+ 40. Nxd2 f5 41. gxf5+ Kxf5+ 42. Kf2 Nc6 43. Nf3 Kf6 44. Re4 Rd8 45. Ke3 Rd1 46. Rf4+ Kxe6 47. Nd4+ Nxd4 48. Rxd4 Ra1 49. Rd2 Rh1 50. Kd4 Rc1 51. Rh2 Rd1+ 52. Kc3 Rd7 53. Re2+ Kd6 54. Rd2+ Kc6 55. Rxd7 Kxd7 56. b4 Ke6 57. Kd4 Kd6 58. c5+ bxc5+ 59. bxc5+ Kc6 60. Kc4 Kc7 61. Kd5 Kd7 62. c6+ Kc7 63. Kc5 Kc8 64. Kd6 Kd8 65. c7+ Kc8 66. Kc6 a5 67. a3 a4 68. Kb6 1-0

[Event "Oberliga Nord N 9899"]
[Site "Germany"]
[Date "1999.??.??"]
[Round "?"]
[White "Mach, Holger"]
[Black "Cording, Harm Wilhelm"]
[Result "1-0"]
[WhiteElo "2270"]
[BlackElo "2275"]
[PlyCount "43"]
[EventDate "1998.10.??"]
[EventType "team-tourn"]
[EventRounds "9"]
[EventCountry "GER"]
[SourceTitle "EXT 2000"]
[Source "ChessBase"]
[SourceDate "1999.11.16"]
[SourceVersion "1"]
[SourceVersionDate "1999.11.16"]
[SourceQuality "1"]

1. e4 d5 2. exd5 Qxd5 3. Nc3 Qa5 4. d4 c6 5. Nf3 Nf6 6. Bc4 Bf5 7. Bd2 e6 8. Qe2 Bb4 9. Ne5 Nbd7 10. Nxd7 Nxd7 11. a3 Nf6 12. 0-0-0 Bxc3 13. Bxc3 Qc7 14. f3 0-0-0 15. Be1 Nd5 16. g4 Nf4 17. Qd2 Bg6 18. Bg3 e5 19. Qe3 f6 20. dxe5 fxe5 21. Qxa7 Qe7 22. Ba6 1-0

[Event "GER-chT Universities"]
[Site "Germany"]
[Date "1999.??.??"]
[Round "2"]
[White "Mach, Holger"]
[Black "Guenther, Andreas"]
[Result "1-0"]
[WhiteElo "2270"]
[BlackElo "2131"]
[PlyCount "41"]
[EventDate "1999.05.??"]
[EventType "team"]
[EventRounds "6"]
[EventCountry "GER"]
[SourceTitle "EXT 2003"]
[Source "ChessBase"]
[SourceDate "2002.11.25"]
[SourceVersion "1"]
[SourceVersionDate "2002.11.25"]
[SourceQuality "1"]

1. e4 e6 2. Nf3 d5 3. e5 c5 4. b4 cxb4 5. d4 Nc6 6. a3 Bd7 7. axb4 Bxb4+ 8. c3 Bf8 9. Bd3 Nge7 10. h4 Na5 11. Ng5 h6 12. Nh7 Nc4 13. Rh3 Nf5 14. Nxf8 Rxf8 15. Bxc4 dxc4 16. Nd2 Bc6 17. g4 Nxd4 18. Ba3 Nb3 19. Nxc4 Qd5 20. Qxb3 0-0-0 21. Nd6+ 1-0

[Event "Oberliga Nord N 9899"]
[Site "Germany"]
[Date "1999.??.??"]
[Round "?"]
[White "Nogly, Christoph"]
[Black "Mach, Holger"]
[Result "1/2-1/2"]
[WhiteElo "2215"]
[BlackElo "2270"]
[PlyCount "25"]
[EventDate "1998.10.??"]
[EventType "team-tourn"]
[EventRounds "9"]
[EventCountry "GER"]
[SourceTitle "EXT 2000"]
[Source "ChessBase"]
[SourceDate "1999.11.16"]
[SourceVersion "1"]
[SourceVersionDate "1999.11.16"]
[SourceQuality "1"]

1. d4 Nf6 2. c4 e5 3. dxe5 Ne4 4. a3 Nc6 5. Nf3 d6 6. Qc2 d5 7. cxd5 Qxd5 8. Nc3 Nxc3 9. Qxc3 Bg4 10. Bg5 h6 11. Rd1 Qe4 12. Nd2 Qxe5 13. Qxe5+ 1/2-1/2

[Event "Oberliga Nord N 9798"]
[Site "Germany"]
[Date "1998.??.??"]
[Round "?"]
[White "Mach, Holger"]
[Black "Krause, Ullrich"]
[Result "1/2-1/2"]
[WhiteElo "2300"]
[BlackElo "2275"]
[PlyCount "31"]
[EventDate "1997.10.??"]
[EventType "team-tourn"]
[EventRounds "9"]
[EventCountry "GER"]
[SourceTitle "EXT 1999"]
[Source "ChessBase"]
[SourceDate "1998.11.16"]
[SourceVersion "1"]
[SourceVersionDate "1998.11.16"]
[SourceQuality "1"]

1. e4 e6 2. d3 d5 3. Nd2 Nf6 4. Ngf3 Nc6 5. c3 a5 6. Be2 e5 7. 0-0 Bc5 8. Qc2 0-0 9. Re1 Re8 10. h3 h6 11. Bf1 Be6 12. exd5 Bxd5 13. Ne4 Bb6 14. Be3 Bxe3 15. Rxe3 Qe7 16. a3 1/2-1/2

[Event "Oberliga Nord N 9899"]
[Site "Germany"]
[Date "1998.??.??"]
[Round "?"]
[White "Mach, Holger"]
[Black "Prosch, Carsten"]
[Result "1-0"]
[WhiteElo "2270"]
[BlackElo "2090"]
[PlyCount "99"]
[EventDate "1998.10.??"]
[EventType "team-tourn"]
[EventRounds "9"]
[EventCountry "GER"]
[SourceTitle "EXT 2000"]
[Source "ChessBase"]
[SourceDate "1999.11.16"]
[SourceVersion "1"]
[SourceVersionDate "1999.11.16"]
[SourceQuality "1"]

1. e4 c6 2. d4 d5 3. e5 Bf5 4. Nc3 e6 5. g4 Bg6 6. Nge2 Ne7 7. Be3 h5 8. Nf4 hxg4 9. Nxg6 Nxg6 10. Qxg4 Nh4 11. Bd3 g6 12. 0-0-0 Be7 13. Ne2 Nd7 14. Kb1 Qc7 15. c4 dxc4 16. Bxc4 0-0-0 17. Ng3 Nb6 18. Bb3 a5 19. d5 Nf5 20. d6 Nxe3 21. fxe3 Bxd6 22. exd6 Rxd6 23. Rxd6 Qxd6 24. Ne4 Qe5 25. Qf4 Qxf4 26. exf4 Kd7 27. h4 Nd5 28. Bxd5 exd5 29. Nc5+ Kc7 30. Kc2 b6 31. Nd3 Kd6 32. Ne5 Rh7 33. Nf3 Rh5 34. Kd3 c5 35. Rg1 Rh8 36. Re1 Rh5 37. Re8 Rf5 38. Ke3 Rf6 39. Ng5 Kd7 40. Re5 Kd6 41. a4 d4+ 42. Kf3 Kd7 43. Ke4 Kd6 44. Nf3 Kd7 45. Ng5 Kd6 46. Nh7 Re6 47. Rxe6+ Kxe6 48. Ng5+ Kf6 49. Nf3 Ke6 50. Ne5 1-0

[Event "Oberliga Nord N 9697"]
[Site "Germany"]
[Date "1997.??.??"]
[Round "?"]
[White "Christ, Ralf"]
[Black "Mach, Holger"]
[Result "1/2-1/2"]
[WhiteElo "2250"]
[BlackElo "2295"]
[PlyCount "85"]
[EventDate "1996.10.??"]
[EventType "team-tourn"]
[EventRounds "9"]
[EventCountry "GER"]
[SourceTitle "EXT 1998"]
[Source "ChessBase"]
[SourceDate "1997.11.17"]
[SourceVersion "1"]
[SourceVersionDate "1997.11.17"]
[SourceQuality "1"]

1. e4 c5 2. Nf3 Nc6 3. d4 cxd4 4. Nxd4 e5 5. Nb5 d6 6. N1c3 a6 7. Na3 b5 8. Nd5 Be7 9. c3 Nf6 10. Nxf6+ Bxf6 11. Nc2 0-0 12. a4 bxa4 13. Rxa4 Bb7 14. Ne3 Bg5 15. Bc4 Bxe3 16. Bxe3 Ne7 17. Qd3 Qd7 18. Rb4 a5 19. Rb6 Bc6 20. 0-0 h6 21. Rd1 Rfd8 22. Bb5 Rac8 23. Bxc6 Rxc6 24. Rb5 d5 25. exd5 Rg6 26. c4 Qg4 27. Qf1 Nf5 28. f3 Qh5 29. Bf2 Qxf3 30. Bg3 Qe3+ 31. Qf2 Qe4 32. b3 Nxg3 33. hxg3 Rf6 34. Qe1 Qg4 35. Rd3 e4 36. Re3 Re8 37. Rxa5 Rb6 38. Ra2 Reb8 39. Rb2 Qg5 40. Qe2 Ra8 41. Rb1 Rba6 42. Qe1 f5 43. Re2 1/2-1/2

[Event "Leipzig VfB op 04th"]
[Site "Leipzig"]
[Date "1997.??.??"]
[Round "5"]
[White "Mach, Holger"]
[Black "Dobosz, Henryk"]
[Result "1/2-1/2"]
[WhiteElo "2280"]
[BlackElo "2385"]
[PlyCount "52"]
[EventDate "1997.03.04"]
[EventType "swiss"]
[EventRounds "9"]
[EventCountry "GER"]
[SourceTitle "EXT 1998"]
[Source "ChessBase"]
[SourceDate "1997.11.17"]
[SourceVersion "1"]
[SourceVersionDate "1997.11.17"]
[SourceQuality "1"]

1. e4 e6 2. d3 d5 3. Nd2 c5 4. g3 Bd6 5. f4 Ne7 6. e5 Bc7 7. Ngf3 Nbc6 8. c3 b5 9. a4 bxa4 10. Qxa4 Bb6 11. b4 cxb4 12. cxb4 a5 13. Ba3 Bb7 14. b5 Nb4 15. Rb1 0-0 16. d4 Nf5 17. Bxb4 axb4 18. Qxb4 Ba5 19. Qb2 Rc8 20. Bd3 Bc3 21. Qb3 Nxd4 22. Nxd4 Bxd4 23. Bxh7+ Kh8 24. Bc2 Rc3 25. Qb4 Qc8 26. Qxd4 Rxc2 1/2-1/2